01044nas a2200289Ia 4500001002800000003001000028008004100038040002500079041001300104100002100117210002400138222002400162240003700186245003700223250001100260260000900271501012300280300001000403362001800413500004200431650002300473700001100496942000700507957000600514999003300520952020100553A50/R186-18152 [r000016480]IT-MiCISF161014c99999999xx |||||||||||| ||und|| aIT-MiCISFcIT-MiCISF aFRANCESE aQuinio Dominique aPastorale familiale aPastorale familiale aLa famille dans tous ses états 0aLa famille dans tous ses états a1a ed. c1996 bCISF - Centro Internazionale Studi Famiglia - Via Giotto, 36 20145 MILANO (non commercial uses only)cCopyright 2016 ap. 15 an. 2-3 [1996] a Tema: famiglia, cambiamenti-famiglia aFAMIGLIAvarticolo aAA.VV. cCR 71 a18152bSig1c235198d235198 0010406A_50_000000000000000_R18618152_R00001648071aCISFbCISFd2016-10-14l0oA50/R186-18152 [r000016480]r2016-10-14 00:00:00w2016-10-14yCRzData import 15.10.2016 / by Epidotti, Vaglietti